[Event "80th Tata Steel Challengers 2018"]
[Site "Wijk aan Zee"]
[Date "2018.01.23"]
[Round "9"]
[White "Vidit, Santosh Gujrathi"]
[Black "Bluebaum, Matthias"]
[Result "1/2-1/2"]
[WhiteElo "2718"]
[BlackElo "2640"]
[Annotator "TA"]
[PlyCount "87"]
[EventDate "2018.??.??"]
[EventType "tourn"]
[EventCountry "NED"]
[SourceTitle "playchess.com"]
[Source "ChessBase"]
[SourceQuality "1"]

{[%evp 26,87,0,0,10,10,11,11,10,9,18,20,16,15,22,12,18,16,16,14,18,12,8,13,29,31,45,52,52,18,24,18,27,16,23,5,14,0,0,0,0,0,21,7,24,0,0,2,103,24,25,21,21,0,0,0,0,0,0,0,0,0,0,0]} 1. d4 d5 2. c4 e6 3. Nf3 Nf6 4. g3 Bb4+ 5. Bd2 Be7 6. Bg2 O-O 7. O-O c6 8. Qc2 Nbd7 9. Bf4 b6 10. cxd5 cxd5 11. Rc1 {E08: Closed Catalan: Main Line: 7 Qc2} Bb7 12. Qb3 Rc8 13. Rxc8 Qxc8 14. Nc3 {LiveBook: 4 Games} Nh5 15. Bg5 Bxg5 16. Nxg5 {[#]} h6 $146 ({Predecessor:} 16... Nhf6 17. e3 Qb8 18. Bf1 Rc8 {½-½ (56) So,W (2788)-Karjakin,S (2760) London 2017}) 17. Nf3 Qb8 18. e3 Nhf6 19. Bf1 Rc8 20. a4 a5 21. Rc1 Qa8 22. Rc2 Ba6 23. Bxa6 Qxa6 24. Nb5 Ne4 25. Ne1 {[%cal Bf3e1,Be1d3,Bd3e5][%mdl 32]} Nb8 26. f3 Nf6 $1 27. Nd3 Rxc2 28. Qxc2 {[#] Qc7 is the strong threat.} Qb7 29. Ne5 {Threatens to win with Nd6.} Ne8 $1 30. e4 f6 31. Ng6 $36 {[%mdl 2048] White fights for an advantage.} dxe4 32. fxe4 Kf7 $1 {[%cal Rf7g6]} 33. Nf4 {Hoping for d5.} Qc6 34. Qe2 g5 35. Nd3 Ke7 36. b3 Kf8 (36... Nd6 $11) 37. d5 ({White should play} 37. Qh5 $16) 37... exd5 $11 38. exd5 Qd7 $1 {The position is equal.} ({Don't go for} 38... Qxd5 $2 {[#]} 39. Qxe8+ $1 {[%mdl 512]} Kxe8 40. Nc7+ Kf7 41. Nxd5 $18) 39. Qf3 Qe7 40. Nd4 Ng7 41. Kf2 Nd7 42. Qe3 f5 43. Nc6 Qa3 44. Nce5 {Precision: White = 56%, Black = 60%.} 1/2-1/2

[Event "80th Tata Steel Challengers 2018"]
[Site "Wijk aan Zee"]
[Date "2018.01.23"]
[Round "9"]
[White "Amin, Bassem"]
[Black "Girya, Olga"]
[Result "1-0"]
[WhiteElo "2693"]
[BlackElo "2489"]
[Annotator "TA"]
[PlyCount "141"]
[EventDate "2018.??.??"]
[EventType "tourn"]
[EventCountry "NED"]
[SourceTitle "playchess.com"]
[Source "ChessBase"]
[SourceQuality "1"]

{[%evp 27,141,0,-4,-14,0,-9,0,-13,10,-8,13,7,16,14,16,8,23,0,38,22,22,26,36,36,53,44,95,70,158,154,152,154,168,117,117,110,110,105,138,140,125,102,152,159,159,157,158,157,150,160,181,179,179,179,181,180,205,207,207,202,206,181,194,165,182,182,181,181,181,173,173,172,172,172,172,172,172,147,172,172,172,172,173,173,173,173,173,173,189,189,189,189,682,669,653,637,658,664,595,581,574,572,781,528,748,781,777,737,699,669,12839,12840,12840,12841,12839,12840]} 1. Nf3 d5 2. g3 c6 3. Bg2 Bf5 4. O-O e6 5. d3 h6 6. Nbd2 Nf6 7. b3 Be7 8. Bb2 O-O 9. c4 Nbd7 10. a3 a5 11. Ra2 Bh7 12. Qa1 {A12: English Opening: 1...c6 with b3 by White} Re8 13. Ne5 Bf8 14. Nxd7 Nxd7 {LiveBook: 4 Games} 15. Rc1 {[#]} Bg6 $146 ({Predecessor:} 15... Nc5 16. Bd4 e5 17. Bxc5 Bxc5 18. cxd5 Bd4 19. Qb1 cxd5 {½-½ (53) Bischoff,K (2505)-Horvath,J (2510) Prague 1989}) 16. Bc3 Bh5 17. Kf1 Qg5 18. h3 Rec8 19. b4 axb4 20. axb4 Qd8 21. Rcc2 Bg6 22. Ra5 d4 23. Bxd4 Bxb4 24. Raa2 Nc5 25. Kg1 f6 26. Be3 {Threatens to win with Qb1.} Qf8 ({Better is} 26... Rxa2 $14 27. Rxa2 Na6) 27. Qb1 $16 Na4 {[#]} (27... Rxa2 $14 28. Rxa2 Na6) 28. c5 $1 {[%mdl 512]} Bxd2 (28... Nxc5 29. Qxb4) 29. Bxd2 Nxc5 30. Bb4 (30. Rxa8 $18 Rxa8 31. Qb6) 30... b6 31. Rxa8 Rxa8 32. Bxc6 Rd8 33. Ba3 $36 {[%mdl 2048] Keeping Black busy.} Rb8 34. Rb2 Qc8 35. Rxb6 Rxb6 36. Qxb6 Nd7 37. Qb7 Qxb7 38. Bxb7 {[%mdl 4096] Endgame KBB-KBN} h5 39. f4 Be8 40. Bd6 Nb6 41. Kf2 f5 42. Ke3 Ba4 43. Kd4 Kf7 44. e3 g6 45. Kc5 Nd7+ 46. Kb4 Bd1 47. Bc6 Nf6 48. Kc3 Nd5+ 49. Kd4 Be2 50. e4 fxe4 51. dxe4 Nf6 52. Be5 Ng8 53. Kc5 Bf1 54. h4 Bd3 55. Kd6 Ne7 56. Bb7 Bc2 57. Bd4 Ba4 58. Ba6 {[#] Bc4 is the strong threat.} Bb3 59. Bb5 Bc2 $2 (59... Ng8 60. Bc6 Bc4) 60. Bc4 $18 {White is clearly winning.} Bxe4 61. Bxe6+ Ke8 62. Ke5 Bf5 {intending ...Nc6+.} 63. Bf2 Bd3 64. Kf6 Be4 65. Be1 Nd5+ 66. Ke5 Nc7 67. Bc4 Bb7 68. Ba5 Ba6 69. Bxa6 Nxa6 70. Kf6 Nc5 71. Kxg6 {Precision: White = 69%, Black = 44%.} 1-0

[Event "80th Tata Steel Challengers 2018"]
[Site "Wijk aan Zee"]
[Date "2018.01.23"]
[Round "9"]
[White "Krasenkow, Michal"]
[Black "Van Foreest, Jorden"]
[Result "0-1"]
[WhiteElo "2671"]
[BlackElo "2629"]
[Annotator "TA"]
[PlyCount "134"]
[EventDate "2018.??.??"]
[EventType "tourn"]
[EventCountry "NED"]
[SourceTitle "playchess.com"]
[Source "ChessBase"]
[SourceQuality "1"]

{[%evp 9,134,21,47,24,31,20,21,18,14,5,15,0,0,0,12,0,56,39,46,39,112,119,108,116,107,123,100,105,105,112,145,128,142,134,156,141,152,127,134,134,125,87,69,-14,-20,-12,-8,-90,-90,-96,-96,-94,-91,-97,-96,-89,-88,-98,-99,-106,-106,-110,-110,-136,-129,-125,-103,-137,-138,-215,-222,-218,-238,-213,-213,-213,-213,-213,-204,-442,-437,-464,-462,-553,-553,-504,-462,-462,-462,-462,-445,-991,-1005,-1012,-971,-1310,-1289,-1293,-1289,-1285,-1293,-1293,-1281,-1288,-1278,-1256,-1242,-1092,-948,-2043,-2142,-2142,-1513,-29978,-29979,-29982,-29983,-29981,-29981,-29981,-29982,-29983,-29984,-29984,-29985,-29982,-12798]} 1. d4 d5 2. c4 dxc4 3. e4 e5 4. Nf3 Bb4+ 5. Nc3 (5. Bd2 Bxd2+ 6. Nbxd2 exd4 7. Bxc4 Nc6 8. O-O Nge7 9. Nb3 d3 10. Bxd3 Bg4 11. h3 Bh5 12. Be2 Qxd1 13. Rfxd1 Bg6 14. Nc5 b6 15. Na6 O-O 16. Nxc7 {1-0 (58) Dubov,D (2677)-Jankovic,A (2575) Heraklio 2017}) 5... Nf6 {LiveBook: 3 Games} 6. Bxc4 {Qb3 is the strong threat. D20: Queen's Gambit Accepted: 3 e3 and 3 e4} (6. Nxe5 {NOTEXT} b5 7. f3 O-O 8. Be3 Bb7 9. Be2) 6... exd4 7. Nxd4 O-O 8. O-O {The position is equal.} Bxc3 9. bxc3 {aiming for Ba3.} Nxe4 10. Qf3 $146 ({Find the theoretical novelty and annotate with similar games:} 10. Qd3 Nf6 {0-1 (35) Kordela,M-Erben,T Orlova 2009}) 10... Nd6 11. Bb3 Nd7 12. Re1 Qh4 ({Black should try} 12... Nf6 $11) 13. Bf4 Nf6 14. Re7 Nd5 (14... Bg4 $1 $14 15. Bg3 Qg5) 15. Bxd6 $1 $16 {Threatening mate with Qxf7+!} Nxe7 {[#]} 16. g3 $1 $36 {[%cal Rg3h4][%mdl 2048] Black is under strong pressure.} Qg4 17. Qxg4 Bxg4 18. Bxe7 Rfe8 19. Bg5 Bd7 20. a4 Re5 21. Bf4 Rc5 22. c4 a6 23. h4 Re8 24. Rd1 h6 25. Nc2 Be6 26. Nb4 (26. Rd4 $14) 26... Bxc4 $11 27. Rc1 Bd5 $1 {( -> ...Rxc1+)} 28. Nxd5 (28. Bc2 $11) 28... Rxc1+ $17 29. Bxc1 {Threatens to win with Kg2.} Re1+ 30. Kg2 {Hoping for Be3.} Rxc1 31. Kf3 c5 32. Ke2 Kf8 33. Kd2 {[#]} Rf1 $1 {[%cal Rf1f2]} 34. Ke2 Ra1 35. Kd2 b5 {White must now prevent ...c4.} 36. axb5 axb5 37. Ne3 Ra3 38. Bc2 g6 39. Nd5 (39. g4 $17) 39... c4 $19 40. Ke2 h5 41. Kd2 Kg7 42. Be4 f5 43. Bc2 Kf7 44. Ke2 $2 (44. Bb1 {was the only chance.}) 44... Ra7 45. Ke3 Rd7 46. Nb4 Ke6 47. f3 Ke5 48. g4 hxg4 49. fxg4 Rh7 50. gxf5 (50. h5 $142 gxh5 51. Bxf5) 50... gxf5 51. Nc6+ Kd5 52. Bxf5 Rxh4 53. Nb4+ Kc5 54. Na6+ Kb6 55. Nb4 Ka5 56. Nc6+ Ka4 57. Nd4 b4 58. Nf3 Rh8 59. Kd2 Kb3 60. Be6 Rd8+ 61. Kc1 Kc3 {Black mates.} 62. Ng1 Rd2 63. Bg4 Rc2+ 64. Kd1 b3 65. Ne2+ Kb2 66. Nd4 c3 67. Ke1 Rd2 {Precision: White = 43%, Black = 81%.} 0-1

[Event "80th Tata Steel Challengers 2018"]
[Site "Wijk aan Zee"]
[Date "2018.01.23"]
[Round "9"]
[White "L'Ami, Erwin"]
[Black "Xiong, Jeffery"]
[Result "0-1"]
[WhiteElo "2634"]
[BlackElo "2634"]
[Annotator "TA"]
[PlyCount "116"]
[EventDate "2018.??.??"]
[EventType "tourn"]
[EventCountry "NED"]
[SourceTitle "playchess.com"]
[Source "ChessBase"]
[SourceQuality "1"]

{[%evp 19,116,22,20,25,16,7,14,0,0,0,0,0,7,-13,0,-150,-143,-152,-141,-202,-214,-187,-122,-186,-178,-371,-396,-371,-392,-320,-354,-401,-389,-378,-367,-365,-343,-337,-310,-314,-292,-346,-43,-342,-341,-294,-288,-267,-267,-260,-265,-557,-542,-533,-529,-471,-297,-329,-320,-319,-299,-289,-296,-12845,-12849,-12848,-12849,-29937,-12850,-29939,-29938,-7948,-404,-29961,-29962,-29971,-29972,-29972,-29973,-29973,-29974,-29975,-29975,-29975,-29976,-29974,-29977,-29977,-29978,-29978,-29978,-29978,-29979,-29979,-29980,-29980,-29981,-29981,-29981]} 1. c4 c5 2. Nf3 Nf6 3. Nc3 d5 4. cxd5 Nxd5 5. e3 Nc6 6. Bb5 Nxc3 7. bxc3 Bd7 8. O-O e6 9. d4 Be7 {D41: Queen's Gambit Declined: Semi-Tarrasch with 5 cxd5} 10. e4 O-O {LiveBook: 4 Games} 11. Be2 (11. Re1 cxd4 12. cxd4 Rc8 13. Ba4 Nb4 14. Bb3 Bb5 15. Re3 Qb6 16. a4 Bc4 17. a5 {1-0 (39) Adams,M (2738)-Xiong,J (2633) Douglas 2017}) 11... Qc7 {White has an edge.} 12. Be3 Rfd8 13. Rc1 $146 ({Predecessor:} 13. Rb1 Na5 {½-½ (61) Wirthensohn,H (2375)-Giertz,N (2305) Switzerland 1997}) 13... Rac8 14. Qb3 Na5 15. Qb1 Ba4 16. Ne5 Nc6 17. Nxf7 (17. Nf3 $11) 17... Kxf7 $17 18. d5 Na5 ({Inferior is} 18... exd5 19. exd5 Kg8 20. Qe4 $16 (20. dxc6 Bxc6 21. Bg4 Ra8 $11)) 19. dxe6+ Kg8 ({Much less strong is} 19... Kxe6 20. e5 $1 {[%mdl 512]}) 20. f4 {[#]} c4 (20... b5 $1 $19 {White must now prevent ...Nc4.} 21. f5 (21. Bxb5 Rb8) 21... c4) 21. Bxa7 (21. Kh1 $17) 21... Rd2 22. Bg4 $2 (22. Rce1) 22... b5 $19 23. Be3 Rd3 24. Rce1 Rxc3 25. e5 {[#]} Rxe3 $1 {[%mdl 512]} 26. Rxe3 Bc5 27. Qe4 Bxe3+ 28. Qxe3 {intending f5.} Qc5 29. Kf2 c3 30. e7 {Intending Qxc5 and mate.} Qxe3+ $1 31. Kxe3 Re8 $1 32. Rc1 b4 $1 ({Not} 32... Rxe7 33. Rxc3 Nc4+ 34. Kd4 $15) 33. Be6+ Kh8 34. a3 Rxe7 35. Bd5 $2 (35. axb4 Rxe6 36. bxa5) 35... Nb3 36. Bxb3 Bxb3 37. axb4 {[%mdl 4096] Endgame KRB-KR} c2 38. Kd2 Rd7+ 39. Kc3 Rd1 40. Kb2 {[#]} Ba4 $1 41. b5 $2 {[#]} (41. g4) 41... Rxc1 $1 42. Kxc1 Bxb5 43. Kxc2 {KB-KP} Kg8 44. Kd2 Kf7 45. Ke3 Ke6 (45... Bc6 $142 46. g3 Ke6) 46. g4 (46. Kd4 $19 Bf1 47. g3) 46... Kd5 {Black mates.} 47. h4 Bd7 48. Kf3 Bc8 49. h5 h6 50. g5 Bf5 51. Ke3 Bg4 52. gxh6 gxh6 53. Kd3 Bxh5 {KB-KPP} 54. Ke3 Ke6 55. Kf2 Kf5 56. Kg3 Bf7 57. Kf3 h5 58. Kg3 Ke4 {Precision: White = 41%, Black = 81%.} 0-1

[Event "80th Tata Steel Challengers 2018"]
[Site "Wijk aan Zee"]
[Date "2018.01.23"]
[Round "9"]
[White "Tari, Aryan"]
[Black "Bok, Benjamin"]
[Result "1/2-1/2"]
[WhiteElo "2599"]
[BlackElo "2607"]
[Annotator "TA"]
[PlyCount "35"]
[EventDate "2018.??.??"]
[EventType "tourn"]
[EventCountry "NED"]
[SourceTitle "playchess.com"]
[Source "ChessBase"]
[SourceQuality "1"]

{[%evp 15,35,-30,0,-13,1,3,20,0,0,-8,-8,-41,-37,-27,0,0,0,0,0,0,0,0]} 1. c4 c6 2. g3 d5 3. Bg2 Nf6 4. d4 dxc4 5. Nf3 g6 6. O-O {D11: Slav Defence: 3 Nf3 sidelines and 3...Nf6 4 e3 Bg4} (6. a4 Bg7 7. O-O Ne4 8. Qc2 Nd6 9. e4 Na6 10. Ne5 c5 11. dxc5 Nxc5 12. Nxc4 Be6 13. Nxd6+ exd6 {1-0 (52) Cheparinov,I (2710)-Dreev,A (2653) Riadh 2017}) 6... Bg7 7. Qc2 b5 8. Nbd2 O-O {LiveBook: 3 Games} 9. b3 cxb3 10. axb3 Bb7 11. Bb2 Na6 12. Ne5 $146 ({Predecessor:} 12. Ne4) 12... Nb4 13. Qc5 a5 14. Ba3 Nd7 15. Nxd7 {The position is equal.} Qxd7 16. Bxb4 axb4 17. e3 {[#]} e5 $1 {[%cal Re5d4][%mdl 512]} 18. Nf3 (18. dxe5 Rxa1) 1/2-1/2

[Event "80th Tata Steel Challengers 2018"]
[Site "Wijk aan Zee"]
[Date "2018.01.23"]
[Round "9"]
[White "Harika, Dronavalli"]
[Black "Korobov, Anton"]
[Result "1/2-1/2"]
[WhiteElo "2497"]
[BlackElo "2652"]
[Annotator "TA"]
[PlyCount "155"]
[EventDate "2018.??.??"]
[EventType "tourn"]
[EventCountry "NED"]
[SourceTitle "playchess.com"]
[Source "ChessBase"]
[SourceQuality "1"]

{[%evp 20,155,8,17,26,10,25,26,33,0,22,21,19,19,41,9,24,14,45,39,40,46,41,43,52,30,40,30,54,40,62,57,70,0,67,0,89,100,158,114,244,221,250,231,286,243,285,190,263,256,260,256,267,258,246,173,192,166,181,147,140,114,116,123,179,118,162,126,139,130,142,121,217,264,276,281,236,251,233,213,218,72,213,43,35,9,880,860,719,246,247,207,153,155,158,156,154,0,0,0,17,0,0,0,0,0,0,0,0,0,0,0,0,0,0,0,0,0,0,0,0,0,0,0,0,0,0,0,0,0,0,0,0,0,0,0,0,0]} 1. Nf3 Nf6 2. c4 b6 3. g3 Bb7 4. Bg2 c5 5. O-O g6 6. b3 Bg7 7. Bb2 O-O 8. Nc3 d6 9. e3 Nbd7 10. Rc1 {A30: Symmetrical English: Double Fianchetto and Hedgehog} (10. Qe2) 10... e6 11. d4 {LiveBook: 3 Games} Qe7 12. Qe2 {White has an edge.} a6 $146 ({Predecessor:} 12... Ne4 13. Nxe4 Bxe4 14. dxc5 dxc5 15. Bxg7 Kxg7 16. Rfd1 Rad8 {½-½ (29) Schmidt,W (2505)-Adamski,J (2430) Lubniewice 1981}) 13. Rfd1 Rac8 14. Na4 Rfd8 15. dxc5 bxc5 16. Bc3 h5 17. Ne1 Bxg2 18. Nxg2 Nf8 19. f3 N8d7 20. Rc2 {[%cal Bc1c2,Bc2d2,Bd2d3][%mdl 32]} Nb8 21. Rcd2 Nc6 22. Rd3 Rb8 23. Nf4 Nb4 24. R3d2 Qc7 25. Nd3 Nc6 26. Nf4 (26. Nf2 $14) 26... Ne7 ({Better is} 26... Nb4 $11) 27. Nd3 (27. Nh3 $14) 27... Kh7 (27... Nc6 $1 $11) 28. Nf2 $16 Neg8 (28... d5 $142) 29. Rd3 Qc6 (29... d5 $16 {might work better.}) 30. e4 $18 Ne8 31. Bxg7 Nxg7 32. Qe3 Qc7 33. e5 Nf5 (33... d5 {was necessary.} 34. cxd5 Rxd5 35. Rxd5 exd5) 34. exd6 Rxd6 35. Qxc5 Rc6 36. Qa3 Nf6 37. Ne4 Qa7+ 38. c5 e5 39. Nxf6+ Rxf6 40. Qb2 Nd4 {[#]} 41. f4 $1 {[%mdl 512]} Re8 (41... Rf5 $16 42. Nb6 a5) (41... exf4 42. Qxd4) 42. Nb6 (42. Nc3 $1 $18 {[%cal Rc3e4]} Qa8 43. Qg2 Qxg2+ 44. Kxg2) 42... Rf5 43. b4 a5 44. a3 axb4 45. axb4 Rd8 (45... Rb8 $16 {was worth a try.} 46. Nc4 Qa4) 46. Nc4 Nf3+ 47. Kf2 $1 Rxd3 48. Rxd3 Nxh2 49. Nxe5 Qa8 50. Kg1 (50. Qc3 $18 {and White stays clearly on top.}) 50... Ng4 $16 {[#]} 51. Nxg4 $2 (51. Nf3 $1 $18) 51... hxg4 $18 {[%mdl 4096] Endgame KQR-KQR} 52. Rd2 {Strongly threatening Rh2+.} f6 $2 {[%mdl 8192] [#]} (52... Rh5 $11 53. Rh2 Qf3) 53. Qa2 $1 Qe8 54. Rh2+ $2 (54. Re2 Qd8 55. Rh2+ Rh5 56. Rxh5+ gxh5 57. Qc2+ Kg7 58. c6) 54... Rh5 {intending ...Qe1+.} 55. Rxh5+ gxh5 {KQ-KQ} 56. Qc2+ Kg7 57. Kf2 Qc6 {White should prevent ...Qf3+.} 58. Qd3 $2 (58. Qc3 $16) 58... Qh1 $1 $11 {The position is equal.} 59. Qe3 {b5 is the strong threat.} Qh2+ 60. Ke1 h4 61. Qe7+ Kg6 62. Qe8+ Kf5 63. Qh5+ Ke4 64. Qxh4 Qg1+ 65. Kd2 {aiming for Qh7+.} Qd4+ 66. Kc2 Qc4+ 67. Kd1 Qb3+ 68. Kc1 $1 Qc3+ 69. Kb1 $1 {Black must now prevent Qh1+.} (69. Kd1 Ke3 $19) 69... Qxb4+ 70. Ka2 Qa4+ 71. Kb2 Qb5+ 72. Ka2 Qc4+ 73. Kb2 Qb5+ 74. Ka2 Kd3 75. Qxg4 {Hoping for Qd1+.} Qa6+ 76. Kb2 {Threatens to win with Qd7+.} Qb5+ 77. Ka2 {next Qd1+ is good for White.} Qc4+ 78. Kb2 {Precision: White = 59%, Black = 43%.} 1/2-1/2

[Event "80th Tata Steel Challengers 2018"]
[Site "Wijk aan Zee"]
[Date "2018.01.23"]
[Round "9"]
[White "Van Foreest, Lucas"]
[Black "Gordievsky, Dmitry"]
[Result "0-1"]
[WhiteElo "2481"]
[BlackElo "2622"]
[Annotator "TA"]
[PlyCount "154"]
[EventDate "2018.??.??"]
[EventType "tourn"]
[EventCountry "NED"]
[SourceTitle "playchess.com"]
[Source "ChessBase"]
[SourceQuality "1"]

{[%evp 16,154,53,39,68,60,81,62,77,71,68,69,59,59,60,52,69,58,57,42,42,43,65,58,73,55,83,55,68,68,68,55,55,55,55,55,55,55,55,55,55,0,68,30,30,30,30,30,30,30,30,30,30,30,30,30,30,30,30,30,30,30,30,0,0,0,30,30,30,30,30,25,25,25,25,25,25,17,17,17,17,16,17,16,16,16,16,16,16,16,16,0,16,0,0,0,0,0,2,0,14,-7,-36,-71,-56,-133,-81,-201,-177,-193,-189,-389,-370,-412,-416,-414,-419,-388,-332,-347,-332,-335,-330,-329,-99,-92,0,-316,-328,-290,-260,-308,-262,-262,-260,-254,-213,-1425,-1174,-1637,-1571]} 1. e4 c5 2. Nf3 e6 3. d4 cxd4 4. Nxd4 a6 5. c4 Nf6 6. Nc3 Bb4 7. Qd3 {B41: Sizilianisch (Paulsen-Variante)} d6 8. Nc2 Bxc3+ 9. Qxc3 {LiveBook: 13 Partien. Weiß steht etwas besser.} e5 10. Bd3 $146 ({Vorgänger:} 10. f3 Be6 11. b3 Nbd7 12. Be3 Qc7 13. Qd2 {½-½ (13) Cernousek,L (2451)-Balogh,C (2631) Slovakia 2017}) 10... Nc6 11. O-O O-O 12. b3 Be6 13. f3 Rc8 14. a4 a5 15. Be3 Nd7 16. Rad1 Nc5 17. Rf2 Qb6 18. Rb1 f6 19. Rd2 Rfd8 20. Na3 Rd7 21. Bc2 Rcd8 22. Nb5 Nb4 23. Bf2 Qc6 24. Rbd1 b6 25. Bb1 Bf7 26. Qe3 Bg6 27. Na3 Nba6 28. Nb5 ({Günstiger ist} 28. Qc3 $14) 28... Nc7 (28... Nb4 $11) 29. Nxc7 Qxc7 30. Bc2 Qc6 31. Rb1 Bf7 32. Qe2 Na6 33. Be3 Nc5 34. Qf2 Rb7 35. Kh1 Rbd7 36. Rg1 Be6 37. Qh4 Rf8 38. Rgd1 Rfd8 39. Rd5 Qc7 40. R5d2 Qc6 41. Qg3 Bf7 42. Kg1 Bg6 43. h4 Bf7 44. Qh3 Be6 45. Qh2 Rf8 46. h5 h6 47. g4 Rfd8 48. Qf2 Kh8 49. Re2 Kg8 50. Kh2 Ra8 51. Qg2 Kh8 52. Bc1 Rad8 53. Be3 Ra7 54. f4 exf4 55. Bxf4 Qc8 56. Kh3 Rad7 57. Red2 Qc6 58. Qf3 f5 59. Qe3 fxg4+ 60. Kg3 (60. Kh2 $15) 60... Rf8 $17 61. Rxd6 (61. Rf2 $17) 61... Rxd6 $19 62. Rxd6 Qe8 63. Rxb6 $2 (63. Rd2) 63... Qxh5 64. Rb8 Bc8 65. Kg2 {[#]} g3 $1 {[%mdl 512]} 66. Kxg3 (66. Qxg3 Ne6) 66... Qh3+ 67. Kf2 {zielt auf Dxh3 ab.} Qh2+ 68. Ke1 Qxc2 69. Qxc5 Qc3+ $2 {[#]} (69... Qxe4+ $19 {und Schwarz behält klar die Oberhand.} 70. Qe3 Qb1+ 71. Ke2 Qc2+ 72. Ke1 Rd8) 70. Ke2 $17 Qc2+ $2 $40 {[%mdl 128] Weiss muss sich nun genau verteidigen.} (70... Bg4+ $17 71. Kf2 Rxb8 72. Bxb8 Qf3+ 73. Kg1 Kh7) 71. Ke1 $1 $19 Qxe4+ 72. Qe3 Qh1+ 73. Ke2 Rd8 74. Kf2 {beabsichtigt De7.} Rd1 75. Rxc8+ Kh7 76. Qc3 $2 (76. Bxh6 Rf1+ 77. Ke2 Re1+ 78. Kd2 Rxe3 79. Bxe3) 76... Qf1+ 77. Ke3 Qh3+ {Precision: Weiß = 52%, Schwarz = 74%.} 0-1

[Event "80th Tata Steel Challengers 2018"]
[Site "Wijk aan Zee"]
[Date "2018.01.24"]
[Round "10"]
[White "Korobov, Anton"]
[Black "L'Ami, Erwin"]
[Result "1/2-1/2"]
[WhiteElo "2652"]
[BlackElo "2634"]
[Annotator "TA"]
[PlyCount "43"]
[EventDate "2018.??.??"]
[EventType "tourn"]
[EventCountry "NED"]
[SourceTitle "playchess.com"]
[Source "ChessBase"]
[SourceQuality "1"]

{[%evp 27,43,8,8,8,18,7,13,5,10,6,10,10,9,0,0,0,0,0]} 1. Nf3 d5 2. c4 e6 3. g3 c5 4. cxd5 exd5 5. Bg2 Nc6 6. d4 Nf6 7. O-O Be7 8. Nc3 O-O 9. dxc5 Bxc5 10. a3 Ne4 {D34: Tarrasch Defence: 6 g3 Nf6 7 Bg2 Be7} (10... Re8 11. b4 Bb6 12. Bb2 Bg4 13. Rc1 h6 14. Na4 Qe7 15. Nxb6 axb6 16. Re1 Rad8 17. Qd3 Bxf3 18. Qxf3 Ne5 19. Qf4 Nc4 20. Bxf6 Qxf6 21. Qxf6 gxf6 22. Bxd5 Nxa3 23. Bxb7 {1-0 (46) Bacrot,E (2692)-Berelowitsch,A (2521) Germany 2016}) 11. Qxd5 Nxc3 12. Qxc5 Nxe2+ 13. Kh1 Nxc1 14. Raxc1 Qf6 {LiveBook: 3 Games. The position is equal.} 15. b4 {[%cal Bb2b4,Bb4b5][%mdl 32]} Bg4 16. Qc3 (16. Ng5 {with more complications.} Rad8 17. Ne4 Qg6 18. Nc3 Rfe8 19. Nd5) 16... Qxc3 17. Rxc3 Rad8 $146 ({Predecessor:} 17... Rfd8 18. h3 {½-½ (30) Rydholm,L (2523)-Kerr,S (2481) ICCF email 2014}) 18. Re1 Rd7 19. b5 Bxf3 20. Bxf3 Nd4 21. Rd1 b6 22. a4 1/2-1/2

[Event "80th Tata Steel Challengers 2018"]
[Site "Wijk aan Zee"]
[Date "2018.01.24"]
[Round "10"]
[White "Bluebaum, Matthias"]
[Black "Van Foreest, Lucas"]
[Result "1-0"]
[WhiteElo "2640"]
[BlackElo "2481"]
[Annotator "TA"]
[PlyCount "69"]
[EventDate "2018.??.??"]
[EventType "tourn"]
[EventCountry "NED"]
[SourceTitle "playchess.com"]
[Source "ChessBase"]
[SourceQuality "1"]

{[%evp 15,69,17,16,6,27,16,27,28,20,19,37,41,51,38,45,22,55,54,48,56,73,58,52,58,37,15,8,15,41,16,14,15,17,8,73,68,129,118,117,129,117,60,164,66,74,58,307,241,233,229,662,628,1000,985,29986,29987]} 1. d4 Nf6 2. c4 e6 3. g3 d5 4. Bg2 Be7 5. Nf3 O-O 6. O-O dxc4 7. Qc2 a6 8. a4 Bd7 9. Rd1 {E05: Open Catalan: 5 Nf3 Be7} (9. Qxc4 Bc6 10. Bg5 h6 11. Bxf6 Bxf6 12. Nc3 Bxf3 13. Bxf3 Qxd4 14. Qxd4 Bxd4 15. Bxb7 Ra7 16. Bg2 Nd7 17. Rfd1 c5 18. e3 {½-½ (51) Aronian,L (2805)-Kasimdzhanov,R (2683) Riadh 2017}) 9... Nc6 10. Qxc4 Nb4 11. Nc3 {White has an edge.} Bc6 12. a5 h6 13. Bd2 {[#]} b5 $146 ({Predecessor:} 13... Qe8 14. e4 Rc8 15. Ne5 Bb5 16. Nxb5 axb5 {1-0 (73) Van Wely,L (2650)-Oparin,G (2540) Linares 2014}) 14. Qb3 Bb7 15. e4 Qc8 16. Ne2 Nc6 17. d5 Nd8 18. Nfd4 c5 19. dxc6 $1 Nxc6 20. Rac1 Nxd4 21. Nxd4 Qd7 22. Nc6 Bxc6 23. Bb4 {[#]} Bd5 $1 {[%mdl 512]} 24. exd5 {[%cal Be4d5,Bd5e6,Be6f7][%mdl 32]} Bxb4 (24... Nxd5 $11 25. Bxd5 exd5) 25. dxe6 $16 Qe7 {[#]} (25... Qxe6 $14 26. Qxb4 Rac8) 26. exf7+ $1 Kh8 {...Rab8 is the strong threat.} 27. Bxa8 Rxa8 28. Rc6 $36 {[%mdl 2048] White has good play.} (28. Rd3 $16) 28... Rf8 (28... Bxa5 $14 29. Ra1 Rf8) 29. Re6 (29. Rxa6 $18 {aiming for Re6.} Rxf7 30. Rc1) 29... Qc5 $14 30. Rxa6 {Strongly threatening Qf3.} Qh5 $2 (30... Ng4 $1 $14 31. Qf3 Qc8) 31. h4 Bc5 32. Kg2 Rxf7 $2 (32... Qe2) 33. Rd8+ $18 Kh7 34. Qd3+ g6 35. Rxf6 {Precision: White = 75%, Black = 25%.} 1-0